000 00505nam a22001817a 4500
005 20151116115857.0
010 _aENG-113963
020 _c100.00
_a9789350450987
035 _aEN-97495
037 _bDBAD/PUB
_adpl
082 _a881
100 _aMajumder, Atri
245 _aVisible infinity /
_cby Atri Majumder
260 _aCalcutta
_bWriters Workshop
_c2014
270 _a162/92, Lake Gardens,
_bCalcutta
_e700045
300 _a54p.
_c22cm(Hb)
942 _2ddc
_cEN
_mMAJ
_h881
999 _c96598
_d96598